Bob Marley : Camino hacia la libertad /

-д хадгалсан:
Номзүйн дэлгэрэнгүй
Байгууллагын зохиогч: Marley, Bob (música, ejecución musical y voz)
Формат: Гулсуулах
Хэл сонгох:англи
Нөхцлүүд:
Шошгууд: Шошго нэмэх
Шошго байхгүй, Энэхүү баримтыг шошголох эхний хүн болох!

MARC

LEADER 00000ngm^a2200000^a^4500
001 000318444
005 20250521000000.0
009 20260310113413.77
037 |a Acervo ITESO - Biblioteca 
041 |a SON 
041 |a ING 
082 |a 786. 1220  |b MAR 
110 |a Marley, Bob  |e (música, ejecución musical y voz) 
245 1 0 |a Bob Marley :  |b Camino hacia la libertad /  |c Música, guitarra y voz B. Marley. 
264 |a México :  |b En Pantalla Producciones Internacionales [distribución],  |c copyright fecha no identificada 
300 |a 2 DVDs multirregión  |c (56 min.) (DVDs no disponibles para préstamo externo) 
336 |a imagen móvil bidimensional  |b tdi  |2 rdacontenido 
337 |a video  |b v  |2 rdamedio 
338 |a videodisco  |b vd  |2 rdasoporte 
546 |a En inglés, con subtítulos en español 
649 |a XX 
650 |a Músicos Jamaiquinos 
650 |a Banda (de Jazz, Rock, etc.) -  |z Jamaica 
650 |a Reggae -  |x Tema Principal 
650 |a Música Afroantillana -  |z Jamaica 
650 |a Música Popular -  |z Jamaica 
650 |a Música Popular -  |y Siglo XX 
650 |a Música Jamaiquina -  |y Siglo XX 
650 |a Marley, Bob -  |x Tema Principal 
910 |a Fondo General 
920 |a Audiovisuales - DVDs 
940 |a DVDs y Videos de Música 
905 |a 307 
901 |a 0500191059  |b IT2  |c DVM  |i C118028  |u 20250521 
901 |a 0500191062  |b IT2  |c DVM  |i C118028  |u 20250521 
902 |a https://opac.biblio.iteso.mx/vufind/Record/000318444